[Event "Clusane op 1st"]
[Site "Clusane"]
[Date "2024.03.01"]
[Round "3"]
[White "Vuelban, Virgilio"]
[Black "Hercegovac, Neven"]
[Result "0-1"]
[WhiteElo "2233"]
[BlackElo "2301"]
[PlyCount "108"]
[EventDate "2024.02.29"]
[EventType "swiss"]
[EventRounds "7"]
[EventCountry "ITA"]
[SourceTitle "CB11_2024"]
[SourceDate "2024.03.13"]
[SourceVersion "1"]
[SourceVersionDate "2024.03.13"]
[SourceQuality "1"]

1. d4 Nf6 2. c4 g6 3. Nc3 Bg7 4. e4 d6 5. Be2 0-0 6. Nf3 Nbd7 7. 0-0 e5 8. Be3 Qe7 9. dxe5 dxe5 10. Qc2 c6 11. Rfd1 Nh5 12. Rac1 Nf4 13. c5 Nxc5 14. Nd5 cxd5 15. Bxc5 Qf6 16. Bxf8 Bxf8 17. Bf1 d4 18. Qb3 Bg4 19. Kh1 Bh6 20. Qxb7 Rf8 21. Rc6 Qd8 22. Bc4 Nh3 23. Rf1 Bxf3 24. gxf3 Qh4 25. Rc8 Qf4 26. Rxf8+ Bxf8 27. Qb3 Ng5 28. Kg2 Bh6 29. h3 Bf8 30. Rh1 h5 31. Qd3 h4 32. Rb1 Bb4 33. Rd1 Nh7 34. a3 Bf8 35. b4 Bh6 36. b5 Nf6 37. Rg1 Nd7 38. Kh1 Nc5 39. Qe2 Kg7 40. Qd1 Qf6 41. a4 Qd8 42. Qe2 d3 43. Qa2 d2 44. Rd1 Bf4 45. a5 Qd4 46. Kg2 Nxe4 47. fxe4 Qxe4+ 48. f3 Qe1 49. Qb3 Be3 50. Rxe1 dxe1Q 51. Qc2 Qg3+ 52. Kf1 Qxf3+ 53. Ke1 Bd4 54. b6 Bc3+ 0-1

[Event "Copenhagen Killer Chess op"]
[Site "Copenhagen"]
[Date "2023.10.22"]
[Round "9"]
[White "Lauritsen, Martin Lee"]
[Black "Vuelban, Virgilio"]
[Result "1-0"]
[WhiteElo "2088"]
[BlackElo "2232"]
[PlyCount "135"]
[EventDate "2023.10.14"]
[EventType "swiss"]
[EventRounds "9"]
[EventCountry "DEN"]
[SourceTitle "Mega2024 Update 01"]
[Source "Chessbase"]
[SourceDate "2023.11.12"]
[SourceVersion "1"]
[SourceVersionDate "2023.11.12"]
[SourceQuality "1"]

1. e4 Nf6 2. e5 Ng8 3. d4 d6 4. exd6 Qxd6 5. Nc3 Nf6 6. Nf3 g6 7. Ne5 Bg7 8. Bc4 0-0 9. Be3 a6 10. 0-0 Nc6 11. Nxc6 Qxc6 12. Bb3 Bf5 13. Qe2 Rad8 14. Rad1 Bg4 15. f3 Be6 16. Bxe6 Qxe6 17. Rfe1 Nd5 18. Nxd5 Qxd5 19. b3 e6 20. Rd3 c6 21. Red1 Rd7 22. Qd2 Qh5 23. Qf2 Qf5 24. Qh4 h5 25. Qg5 Qb5 26. a4 Qb4 27. Qc5 a5 28. Kf1 Rd5 29. Qxb4 axb4 30. Bd2 Rfd8 31. Bxb4 Rxd4 32. Rxd4 Rxd4 33. Rxd4 Bxd4 34. Ke2 f5 35. Kd3 Be5 36. h3 Kf7 37. Bc5 Ke8 38. b4 Kd7 39. Be3 Bd6 40. Bd2 e5 41. c4 Ke6 42. a5 Bc7 43. b5 c5 44. g4 e4+ 45. fxe4 fxg4 46. hxg4 Kd7 47. gxh5 gxh5 48. Ke2 h4 49. Kf3 h3 50. a6 bxa6 51. bxa6 Kc6 52. Bc3 Bf4 53. Ba5 h2 54. Kg2 Bg3 55. Bd8 Be5 56. Kh1 Bf4 57. Bf6 Bb8 58. e5 Kd7 59. Kxh2 Ke6 60. Kg3 Kf5 61. Kf3 Ba7 62. Ke3 Bb6 63. Kd3 Ba7 64. Kc3 Ke6 65. Kb3 Kd7 66. Ka4 Bb6 67. Kb5 Ba7 68. Bh4 1-0

[Event "Copenhagen Killer Chess op"]
[Site "Copenhagen"]
[Date "2023.10.17"]
[Round "4"]
[White "Vuelban, Virgilio"]
[Black "Castellanos Rodriguez, Renier"]
[Result "1/2-1/2"]
[WhiteElo "2232"]
[BlackElo "2487"]
[PlyCount "199"]
[EventDate "2023.10.14"]
[EventType "swiss"]
[EventRounds "9"]
[EventCountry "DEN"]
[SourceTitle "Mega2024 Update 01"]
[Source "Chessbase"]
[SourceDate "2023.11.12"]
[SourceVersion "1"]
[SourceVersionDate "2023.11.12"]
[SourceQuality "1"]

1. Nf3 Nf6 2. c4 g6 3. Nc3 Bg7 4. d4 0-0 5. e4 d6 6. Be2 e5 7. 0-0 Bg4 8. d5 a5 9. Be3 Na6 10. Rc1 b6 11. b3 Bd7 12. a3 Qe8 13. Nd2 h5 14. Rb1 Ng4 15. Bg5 f6 16. Bh4 Nh6 17. b4 Nf7 18. f3 f5 19. Bf2 f4 20. c5 axb4 21. axb4 bxc5 22. Bxa6 Rxa6 23. bxc5 dxc5 24. Bxc5 Nd6 25. Qb3 g5 26. Nc4 g4 27. Bxd6 cxd6 28. Qb7 Bc8 29. Qc7 gxf3 30. Rxf3 Bg4 31. Nxd6 Qg6 32. Nf5 Bxf5 33. exf5 Qxf5 34. d6 Rf7 35. Qb8+ Bf8 36. Re1 Rxd6 37. Ne4 Rg6 38. Qb3 h4 39. h3 Kh7 40. Qd3 Rd7 41. Qc2 Bb4 42. Re2 Rdg7 43. Kh1 Ba5 44. Qd3 Bb6 45. Rf1 Bd4 46. Qf3 Ra7 47. Rc2 Kh6 48. Re2 Rga6 49. Nf2 Bxf2 50. Qxf2 Qg5 51. Qc5 Re7 52. Qc8 Qf6 53. Qc3 e4 54. Qe1 Rae6 55. Qc1 Rf7 56. Qe1 Rfe7 57. Qc1 Kg5 58. Ref2 e3 59. Re2 Rc6 60. Qd1 Qd6 61. Qa4 Rc5 62. Rf3 Rf5 63. Kh2 Kh6 64. Qc4 Qg6 65. Ra2 Kg7 66. Re2 Ref7 67. Qc8 Qd6 68. Ra2 Rg5 69. Qc3+ Qe5 70. Qd3 Rg6 71. Qf1 Rg3 72. Qd1 Re7 73. Re2 Kh6 74. Qf1 Ra7 75. Rc2 Rg6 76. Qd3 Re7 77. Re2 Rg3 78. Qa6+ Re6 79. Qa8 Kh7 80. Qb7+ Re7 81. Qb1+ Qe4 82. Qxe4+ Rxe4 83. Rf1 Rd4 84. Ra1 Rd2 85. Rxd2 exd2 86. Rd1 Rd3 87. Kg1 Kg6 88. Kf2 Kf5 89. Ke2 Rg3 90. Kf1 Rd3 91. Ke2 Ke4 92. Rxd2 Rxd2+ 93. Kxd2 f3 94. Ke1 fxg2 95. Kf2 Kf4 96. Kxg2 Ke3 97. Kg1 Kf3 98. Kh2 Kf2 99. Kh1 Kf1 100. Kh2 1/2-1/2

[Event "Copenhagen Obro CXU op"]
[Site "Copenhagen"]
[Date "2023.07.28"]
[Round "7"]
[White "Vuelban, Virgilio"]
[Black "Andersen, Morten"]
[Result "1-0"]
[WhiteElo "2195"]
[BlackElo "2190"]
[PlyCount "69"]
[EventDate "2023.07.24"]
[EventType "swiss"]
[EventRounds "9"]
[EventCountry "DEN"]
[SourceTitle "CBM 215 Extra"]
[Source "ChessBase"]
[SourceDate "2023.09.30"]
[SourceVersion "1"]
[SourceVersionDate "2023.09.30"]
[SourceQuality "1"]

1. e4 c5 2. Nf3 Nf6 3. e5 Nd5 4. Nc3 e6 5. Nxd5 exd5 6. d4 Nc6 7. dxc5 Bxc5 8. Bd3 d6 9. exd6 Qxd6 10. 0-0 0-0 11. c3 a5 12. Bc2 g6 13. Bh6 Re8 14. Bb3 Ne7 15. Bg5 Be6 16. Nd4 Bd7 17. Re1 f6 18. Bh4 a4 19. Bc2 Qb6 20. Nf3 Kg7 21. Qd2 Bg4 22. Nd4 Bxd4 23. cxd4 Bd7 24. Re3 Nc6 25. Rxe8 Bxe8 26. Rd1 Qxb2 27. Qe2 Bf7 28. Qd2 g5 29. Rb1 Qxd4 30. Bxg5 fxg5 31. Qxg5+ Bg6 32. Bxg6 b5 33. Be8+ Kh8 34. Bxc6 Rg8 35. Qxd5 1-0

[Event "Copenhagen Obro CXU op"]
[Site "Copenhagen"]
[Date "2023.07.25"]
[Round "2"]
[White "Vuelban, Virgilio"]
[Black "Hector, Jonny"]
[Result "0-1"]
[WhiteElo "2195"]
[BlackElo "2481"]
[PlyCount "128"]
[EventDate "2023.07.24"]
[EventType "swiss"]
[EventRounds "9"]
[EventCountry "DEN"]
[SourceTitle "CBM 215 Extra"]
[Source "ChessBase"]
[SourceDate "2023.09.30"]
[SourceVersion "1"]
[SourceVersionDate "2023.09.30"]
[SourceQuality "1"]

1. e4 e5 2. Nf3 Nc6 3. Bb5 a6 4. Ba4 Nf6 5. d3 Bc5 6. 0-0 d6 7. c3 Ba7 8. Re1 0-0 9. h3 Ne7 10. Nbd2 Ng6 11. d4 b5 12. Bc2 Bb7 13. Nf1 Re8 14. Ng3 h6 15. a4 Bb6 16. Bd2 Qd7 17. Be3 exd4 18. Bxd4 Bxd4 19. cxd4 b4 20. a5 Rab8 21. Ba4 Bc6 22. Bxc6 Qxc6 23. d5 Qc5 24. Nd4 Ne5 25. Kh2 Nc4 26. Nc6 Qxf2 27. Nxb8 Rxb8 28. b3 Ne5 29. Rc1 Rb7 30. Qe2 Qxe2 31. Rxe2 Nd3 32. Rc6 Ra7 33. Rec2 Ne8 34. Nf5 Kf8 35. R6c4 Rb7 36. Re2 Rb5 37. Nd4 Rxa5 38. Re3 Ne5 39. Rxb4 Rc5 40. Rb8 g6 41. Ra8 a5 42. Ne2 Ke7 43. Rc3 Rb5 44. Kg1 Rb4 45. Ng3 h5 46. h4 Rb5 47. Ne2 Rb4 48. Ng3 Rb5 49. Nf1 f5 50. exf5 gxf5 51. g3 Rxd5 52. Ne3 Rb5 53. Nxf5+ Kd7 54. Nd4 Rd5 55. Ne2 Nf6 56. Ra7 Rd1+ 57. Kg2 Nd5 58. Rc1 Rd2 59. Kf1 Nd3 60. Rxa5 Ne3+ 61. Kg1 Rxe2 62. Rf1 Nxf1 63. Kxf1 Re1+ 64. Kg2 Ne5 0-1

[Event "Cattolica Primavera op"]
[Site "Cattolica"]
[Date "2022.03.17"]
[Round "3"]
[White "Luchi, Max"]
[Black "Vuelban, Virgilio"]
[Result "0-1"]
[WhiteElo "1977"]
[BlackElo "2288"]
[PlyCount "98"]
[EventDate "2022.03.16"]
[EventType "swiss"]
[EventRounds "9"]
[EventCountry "ITA"]
[SourceTitle "CBM 207 Extra"]
[Source "ChessBase"]
[SourceDate "2022.05.31"]
[SourceVersion "1"]
[SourceVersionDate "2022.05.31"]
[SourceQuality "1"]

1. e4 Nc6 2. Nf3 d6 3. d4 Bg4 4. Be2 Nf6 5. Nc3 e6 6. h3 Bh5 7. Be3 Be7 8. 0-0 0-0 9. Nd2 Bxe2 10. Qxe2 e5 11. Nb3 Nd7 12. f4 exf4 13. Bxf4 a5 14. a4 Nb4 15. Nb5 Nc6 16. c3 Nb6 17. Qg4 Kh8 18. Nd2 Nb8 19. e5 Nd5 20. exd6 cxd6 21. Nc4 Ra6 22. Qf3 Nxf4 23. Qxf4 d5 24. Ne5 Rf6 25. Qg4 g6 26. Rfe1 Rf5 27. Re2 Nc6 28. Rae1 h5 29. Qg3 Bh4 30. Qe3 Nxe5 31. dxe5 Bxe1 32. Rxe1 Qg5 33. Qd4 Qg3 34. Re3 Qf2+ 35. Kh2 Qf4+ 36. Kg1 Qxd4 37. cxd4 Rc8 38. Rc3 Rc6 39. Rxc6 bxc6 40. Na7 c5 41. dxc5 Rxe5 42. Kf2 Re7 43. Nb5 Re6 44. Nd4 Re4 45. Nb3 Rb4 46. Nxa5 Rxb2+ 47. Ke3 Ra2 48. Nb7 Rc2 49. Na5 Rxc5 0-1

[Event "Cattolica Primavera op"]
[Site "Cattolica"]
[Date "2022.03.16"]
[Round "1"]
[White "Saveljevs, Aleksandrs"]
[Black "Vuelban, Virgilio"]
[Result "0-1"]
[WhiteElo "2001"]
[BlackElo "2288"]
[PlyCount "86"]
[EventDate "2022.03.16"]
[EventType "swiss"]
[EventRounds "9"]
[EventCountry "ITA"]
[SourceTitle "CBM 207 Extra"]
[Source "ChessBase"]
[SourceDate "2022.05.31"]
[SourceVersion "1"]
[SourceVersionDate "2022.05.31"]
[SourceQuality "1"]

1. e4 c5 2. Nc3 Nc6 3. Bb5 Nd4 4. Nf3 e6 5. 0-0 a6 6. Bd3 Nc6 7. Re1 d6 8. b3 Nf6 9. Bb2 Be7 10. Bf1 e5 11. Nd5 0-0 12. c3 Bg4 13. h3 Bh5 14. g4 Bg6 15. Nh4 Nxd5 16. Nxg6 fxg6 17. exd5 Nb8 18. d4 Bh4 19. Re2 Nd7 20. Bg2 cxd4 21. cxd4 Bf6 22. Rc1 g5 23. Rec2 Qb6 24. Be4 exd4 25. Bf5 Ne5 26. Kg2 d3 27. Bxd3 Nxd3 28. Qxd3 Bxb2 29. Rxb2 Rf6 30. Rd2 Raf8 31. Rcc2 Rf4 32. Re2 h6 33. Re3 Kh8 34. Rce2 Qc5 35. Rc2 Qb6 36. Rce2 R4f6 37. Kg3 a5 38. Kg2 Kg8 39. Kg3 Qb4 40. Re4 Qc5 41. Rc2 Rf3+ 42. Qxf3 Rxf3+ 43. Kxf3 Qxc2 0-1

[Event "Lugano New Year op"]
[Site "Lugano"]
[Date "2022.01.03"]
[Round "3"]
[White "Reinhardt, Bernd"]
[Black "Vuelban, Virgilio"]
[Result "0-1"]
[WhiteElo "2145"]
[BlackElo "2266"]
[PlyCount "110"]
[EventDate "2022.01.02"]
[EventType "swiss"]
[EventRounds "5"]
[EventCountry "SUI"]
[SourceTitle "EXT 2023"]
[Source "ChessBase"]
[SourceDate "2022.10.05"]
[SourceVersion "1"]
[SourceVersionDate "2022.10.05"]
[SourceQuality "1"]

1. Nf3 d5 2. d4 Nf6 3. c3 c6 4. Bf4 Bf5 5. h3 Nbd7 6. Nbd2 e6 7. e3 h6 8. Be2 Be7 9. 0-0 0-0 10. Qb3 Qb6 11. c4 a5 12. c5 Qa7 13. a4 Rfc8 14. Rfc1 Ne4 15. Nxe4 Bxe4 16. Ne5 Nxe5 17. Bxe5 Bg6 18. Rc3 f6 19. Bg3 Bf8 20. Rac1 Be7 21. Bg4 Bf7 22. Qc2 Bd8 23. Be2 Bc7 24. Bxc7 Rxc7 25. Rb3 e5 26. Qf5 Re8 27. Bd3 e4 28. Be2 Qb8 29. Qf4 Qd8 30. h4 g5 31. Qg3 Be6 32. Kh2 Rg7 33. Rh1 f5 34. Kg1 Qc7 35. hxg5 Qxg3 36. fxg3 hxg5 37. Rh6 Bc8 38. Rd6 Rf8 39. Rb6 Kf7 40. b4 axb4 41. a5 Ke7 42. a6 bxa6 43. Rbxc6 Bd7 44. Rc7 Rd8 45. Bxa6 b3 46. Rb6 Ra8 47. Bf1 Kd8 48. Rbb7 Ke8 49. Rxb3 Rg6 50. Rb6 Rxb6 51. cxb6 Ra1 52. Rc2 f4 53. exf4 gxf4 54. gxf4 e3 55. g4 Bb5 0-1

[Event "Robecchetto op 33rd"]
[Site "Robecchetto"]
[Date "2021.12.29"]
[Round "6"]
[White "Mrdja, Milan"]
[Black "Vuelban, Virgilio"]
[Result "0-1"]
[WhiteElo "2248"]
[BlackElo "2250"]
[PlyCount "50"]
[EventDate "2021.12.26"]
[EventType "swiss"]
[EventRounds "7"]
[EventCountry "ITA"]
[SourceTitle "EXT 2023"]
[Source "ChessBase"]
[SourceDate "2022.10.05"]
[SourceVersion "1"]
[SourceVersionDate "2022.10.05"]
[SourceQuality "1"]

1. e4 c5 2. Nf3 d6 3. d4 cxd4 4. Nxd4 Nf6 5. Nc3 Nc6 6. Bg5 e6 7. Qd2 Be7 8. 0-0-0 0-0 9. f3 Nxd4 10. Qxd4 a6 11. h4 b5 12. Kb1 Bd7 13. Be2 Rc8 14. g4 Qc7 15. Be3 d5 16. g5 dxe4 17. gxf6 Bxf6 18. Qb6 exf3 19. Bd3 Bxc3 20. Qxc7 Rxc7 21. bxc3 Rxc3 22. Kb2 Rfc8 23. h5 f5 24. h6 g6 25. Rhe1 e5 0-1

[Event "Robecchetto op 33rd"]
[Site "Robecchetto"]
[Date "2021.12.27"]
[Round "2"]
[White "Fassio, Luca"]
[Black "Vuelban, Virgilio"]
[Result "0-1"]
[WhiteElo "2032"]
[BlackElo "2250"]
[PlyCount "122"]
[EventDate "2021.12.26"]
[EventType "swiss"]
[EventRounds "7"]
[EventCountry "ITA"]
[SourceTitle "EXT 2023"]
[Source "ChessBase"]
[SourceDate "2022.10.05"]
[SourceVersion "1"]
[SourceVersionDate "2022.10.05"]
[SourceQuality "1"]

1. e4 c5 2. c3 Nf6 3. e5 Nd5 4. d4 cxd4 5. cxd4 d6 6. Nf3 Nc6 7. Bc4 Nb6 8. Bb5 dxe5 9. Nxe5 Bd7 10. Bxc6 Bxc6 11. Nxc6 bxc6 12. 0-0 g6 13. Qf3 Qd5 14. Qxd5 cxd5 15. Bf4 Bg7 16. Rd1 0-0 17. Na3 Na4 18. b3 Nc3 19. Rd2 Bxd4 20. Re1 Bc5 21. Nc2 Ne4 22. Rde2 Rfc8 23. Ne3 e6 24. Kf1 Bb4 25. Ra1 Bc3 26. Rc1 Bd2 27. Rxc8+ Rxc8 28. g3 Ba5 29. Kg2 g5 30. Be5 f6 31. Bb2 Kf7 32. f3 Nd6 33. Ng4 Bc3 34. Bxc3 Rxc3 35. Kf2 e5 36. Rb2 d4 37. Ke2 h5 38. Nf2 Re3+ 39. Kd1 Rxf3 40. a4 a5 41. Ke2 e4 42. Nd1 g4 43. Rd2 Nf5 44. b4 axb4 45. Rb2 Ra3 46. Rxb4 d3+ 47. Kd2 e3+ 48. Nxe3 Ra2+ 49. Kxd3 Ra3+ 50. Kc4 Nxe3+ 51. Kb5 Nd5 52. Rd4 Ke6 53. a5 Kd6 54. Ka6 Kc5 55. Rd2 Nb4+ 56. Kb7 Rxa5 57. Rf2 Nd5 58. Rf5 Rb5+ 59. Ka7 Kc6 60. h4 gxh3 61. Rxh5 Nc7 0-1

[Event "Stein am Rhein op 12th"]
[Site "Stein am Rhein"]
[Date "2021.11.06"]
[Round "3"]
[White "Vuelban, Virgilio"]
[Black "Dorofeev, Arseniy"]
[Result "1-0"]
[WhiteElo "2276"]
[BlackElo "1325"]
[PlyCount "35"]
[EventDate "2021.11.05"]
[EventType "swiss"]
[EventRounds "5"]
[EventCountry "SUI"]
[SourceTitle "EXT 2023"]
[Source "ChessBase"]
[SourceDate "2022.10.05"]
[SourceVersion "1"]
[SourceVersionDate "2022.10.05"]
[SourceQuality "1"]

1. e4 c5 2. Nf3 Nc6 3. d4 cxd4 4. Nxd4 g6 5. c4 Bg7 6. Be3 Nf6 7. Nc3 d6 8. Be2 0-0 9. 0-0 Bd7 10. Qd2 Rc8 11. f3 Qa5 12. Rfd1 a6 13. a3 Ne5 14. b4 Qd8 15. Nd5 e6 16. Nxf6+ Qxf6 17. Bg5 Nxf3+ 18. Bxf3 1-0

[Event "Budapest Vezerkepzo IM 10th"]
[Site "Budapest"]
[Date "2021.10.22"]
[Round "9"]
[White "Vuelban, Virgilio"]
[Black "Kishan, Gangolli"]
[Result "1/2-1/2"]
[WhiteElo "2283"]
[BlackElo "2128"]
[PlyCount "94"]
[EventDate "2021.10.14"]
[EventType "tourn"]
[EventRounds "9"]
[EventCountry "HUN"]
[SourceTitle "CBM 204 Extra"]
[Source "ChessBase"]
[SourceDate "2021.11.30"]
[SourceVersion "1"]
[SourceVersionDate "2021.11.30"]
[SourceQuality "1"]

1. c4 e6 2. d4 Nf6 3. Nc3 Bb4 4. e3 b6 5. Nge2 Ne4 6. Qc2 Bb7 7. a3 Bxc3+ 8. Nxc3 f5 9. Bd3 Nxc3 10. Qxc3 0-0 11. 0-0 Qh4 12. f3 d6 13. b4 Nd7 14. Bb2 Rf6 15. c5 Bd5 16. cxd6 Rh6 17. h3 cxd6 18. Qe1 Qg5 19. e4 Rg6 20. Rf2 fxe4 21. fxe4 Bb7 22. Qe2 Rf8 23. Rxf8+ Nxf8 24. Rc1 Qd8 25. Rf1 Rf6 26. Rxf6 Qxf6 27. Qf1 Qh4 28. Qf2 Qg5 29. Kh2 Ng6 30. Qg3 Qd2 31. Qxd6 Qxd3 32. Qxe6+ Kf8 33. Qf5+ Ke8 34. d5 Qd2 35. Qe6+ Ne7 36. d6 Qf4+ 37. Kg1 Qe3+ 38. Kh1 Qxe4 39. Qxe4 Bxe4 40. dxe7 Kxe7 41. Bxg7 a5 42. Bd4 axb4 43. axb4 b5 44. Kg1 h5 45. Kf2 Ke6 46. g3 Kf5 47. Ke3 Bg2 1/2-1/2

[Event "Budapest Vezerkepzo IM 10th"]
[Site "Budapest"]
[Date "2021.10.20"]
[Round "7"]
[White "Vuelban, Virgilio"]
[Black "Akshit, Kumar J"]
[Result "1-0"]
[WhiteElo "2283"]
[BlackElo "2044"]
[PlyCount "51"]
[EventDate "2021.10.14"]
[EventType "tourn"]
[EventRounds "9"]
[EventCountry "HUN"]
[SourceTitle "CBM 204 Extra"]
[Source "ChessBase"]
[SourceDate "2021.11.30"]
[SourceVersion "1"]
[SourceVersionDate "2021.11.30"]
[SourceQuality "1"]

1. b3 e5 2. Bb2 Nc6 3. e3 Nf6 4. c4 d5 5. cxd5 Nxd5 6. d3 Be6 7. a3 Be7 8. Nd2 0-0 9. Ngf3 f6 10. Be2 a5 11. 0-0 Qd7 12. Qc2 Rfd8 13. Ne4 Nb6 14. Rfd1 Qd5 15. Nfd2 f5 16. Nc3 Qc5 17. Rac1 Rd7 18. Qb1 Nd5 19. Nxd5 Qxd5 20. d4 e4 21. Bc4 Qd6 22. d5 Bxd5 23. Nxe4 Qe6 24. Rxd5 Rxd5 25. Nc3 Rad8 26. Nxd5 1-0

[Event "Budapest FS10 IM"]
[Site "Budapest"]
[Date "2021.10.11"]
[Round "9"]
[White "Fule, Simon"]
[Black "Vuelban, Virgilio"]
[Result "1-0"]
[WhiteElo "2220"]
[BlackElo "2283"]
[PlyCount "103"]
[EventDate "2021.10.02"]
[EventType "tourn"]
[EventRounds "10"]
[EventCountry "HUN"]
[SourceTitle "EXT 2023"]
[Source "ChessBase"]
[SourceDate "2022.10.05"]
[SourceVersion "1"]
[SourceVersionDate "2022.10.05"]
[SourceQuality "1"]

1. e4 c5 2. Nf3 Nc6 3. d4 cxd4 4. Nxd4 e5 5. Nb5 d6 6. N1c3 a6 7. Na3 b5 8. Nd5 Nge7 9. c3 Nxd5 10. Qxd5 Bb7 11. Be2 Na5 12. Qd3 Qh4 13. b4 Nc4 14. Nxc4 bxc4 15. Qxc4 Rc8 16. Qb3 Qxe4 17. f3 Qg6 18. Qa4+ Ke7 19. 0-0 d5 20. Bd2 Qb6+ 21. Kh1 Kf6 22. f4 e4 23. Bg4 Rc6 24. Rae1 Bd6 25. Be3 Qc7 26. Qb3 Rc4 27. Be2 Rc8 28. Bxc4 Qxc4 29. Bd4+ Ke7 30. Qxc4 Rxc4 31. Rb1 Bc6 32. Kg1 f6 33. g3 g6 34. Kf2 Ke6 35. Ke3 f5 36. Rb3 Bb5 37. Ra1 Ba4 38. Ra3 Bb5 39. Ra5 Rc8 40. a4 Bc4 41. b5 Ra8 42. Rxa6 Rxa6 43. bxa6 Bxa6 44. Rb1 Kd7 45. Rb6 Bc8 46. h4 Kc7 47. h5 gxh5 48. a5 Kd7 49. a6 Kc7 50. a7 Bb7 51. Ra6 Ba8 52. Be5 1-0

[Event "Budapest FS10 IM"]
[Site "Budapest"]
[Date "2021.10.10"]
[Round "8"]
[White "Vuelban, Virgilio"]
[Black "Balint, Vilmos"]
[Result "1-0"]
[WhiteElo "2283"]
[BlackElo "2271"]
[PlyCount "133"]
[EventDate "2021.10.02"]
[EventType "tourn"]
[EventRounds "10"]
[EventCountry "HUN"]
[SourceTitle "EXT 2023"]
[Source "ChessBase"]
[SourceDate "2022.10.05"]
[SourceVersion "1"]
[SourceVersionDate "2022.10.05"]
[SourceQuality "1"]

1. d4 e6 2. Nf3 f5 3. g3 Nf6 4. Bg2 g6 5. 0-0 Bg7 6. c4 0-0 7. Nc3 d6 8. Re1 d5 9. Ne5 c6 10. e3 Nbd7 11. Nxd7 Qxd7 12. Qb3 b6 13. cxd5 exd5 14. Bd2 Ne4 15. Rad1 Qf7 16. Bc1 Be6 17. a4 c5 18. f3 Nd6 19. Nb5 Nc4 20. Na3 f4 21. Nxc4 dxc4 22. Qa3 cxd4 23. exd4 fxg3 24. hxg3 Bd5 25. Bf4 Rfe8 26. Be5 Qb7 27. Re2 Rad8 28. Rde1 a5 29. Qc3 Qd7 30. Qc2 Qc6 31. Bxg7 Kxg7 32. Rxe8 Rxe8 33. Rxe8 Qxe8 34. Kf2 Qd7 35. Qe2 Bc6 36. Qe5+ Kf7 37. f4 Bxg2 38. Kxg2 Qxa4 39. Qc7+ Ke6 40. Qxb6+ Kd5 41. Qc5+ Ke4 42. Qe5+ Kd3 43. d5 Kc2 44. g4 Kb1 45. d6 Qc2+ 46. Kg3 Qd3+ 47. Kh4 a4 48. Kg5 a3 49. bxa3 c3 50. d7 Qxd7 51. Qxc3 Qe7+ 52. Qf6 Qxa3 53. Qb6+ Ka2 54. Qf2+ Kb1 55. Qg1+ Kc2 56. Qh2+ Kd1 57. Qxh7 Qc5+ 58. Kxg6 Qd6+ 59. Kg5 Qd8+ 60. Kh5 Qe8+ 61. Qg6 Qh8+ 62. Kg5 Qd8+ 63. Qf6 Qg8+ 64. Kf5 Qd5+ 65. Qe5 Qd7+ 66. Kg5 Qd8+ 67. Kh5 1-0

[Event "Verona Primavera op-A 1st"]
[Site "Verona"]
[Date "2021.05.07"]
[Round "1"]
[White "Vuelban, Virgilio"]
[Black "Covello, Danilo"]
[Result "1-0"]
[WhiteElo "2296"]
[BlackElo "2061"]
[PlyCount "78"]
[EventDate "2021.05.07"]
[EventType "swiss"]
[EventRounds "5"]
[EventCountry "ITA"]
[SourceTitle "EXT 2022"]
[Source "ChessBase"]
[SourceDate "2021.10.06"]
[SourceVersion "1"]
[SourceVersionDate "2021.10.06"]
[SourceQuality "1"]

1. d4 Nf6 2. c4 g6 3. Nc3 d5 4. cxd5 Nxd5 5. e4 Nxc3 6. bxc3 Bg7 7. Bc4 c5 8. Ne2 0-0 9. Be3 Nc6 10. 0-0 Qc7 11. Rc1 Rd8 12. Qd2 Ne5 13. Bb3 Ng4 14. Bf4 Be5 15. Bg3 Bxg3 16. fxg3 Nf6 17. Qh6 c4 18. Bc2 Bg4 19. e5 Bxe2 20. Rxf6 Bd3 21. Rf4 e6 22. Rh4 f5 23. exf6 Rf8 24. Qe3 Bxc2 25. Qxe6+ Qf7 26. Qxf7+ Rxf7 27. Rxc2 Rxf6 28. Rf4 Re6 29. Kf2 Rae8 30. g4 h6 31. h4 Kg7 32. d5 Rf6 33. g3 g5 34. Rf3 Rxf3+ 35. Kxf3 Kf6 36. Rd2 b5 37. Rd4 Rd8 38. Ke3 Ke5 39. Re4+ Kxd5 1-0

[Event "Montesilvano Easter op 6th"]
[Site "Montesilvano"]
[Date "2021.04.02"]
[Round "1"]
[White "Vuelban, Virgilio"]
[Black "Puglia, Francesco"]
[Result "1-0"]
[WhiteElo "2270"]
[BlackElo "1936"]
[PlyCount "106"]
[EventDate "2021.04.02"]
[EventType "swiss"]
[EventRounds "6"]
[EventCountry "ITA"]
[SourceTitle "CBM 201 Extra"]
[Source "ChessBase"]
[SourceDate "2021.05.31"]
[SourceVersion "1"]
[SourceVersionDate "2021.05.31"]
[SourceQuality "1"]

1. Nf3 c5 2. e4 d6 3. d4 cxd4 4. Qxd4 Nf6 5. Nc3 e5 6. Bb5+ Nbd7 7. Qd3 h6 8. 0-0 a6 9. Bxd7+ Bxd7 10. a4 Be7 11. a5 0-0 12. Be3 Bc6 13. Bb6 Qd7 14. h3 Rfe8 15. Rfd1 Bf8 16. Qe2 Nh5 17. Ne1 Nf4 18. Qg4 Qxg4 19. hxg4 Rac8 20. Nd3 Nxd3 21. Rxd3 Re6 22. f3 Ree8 23. Nd1 Re6 24. Ne3 g6 25. c4 Kh7 26. b3 Kg8 27. Kf2 Kh7 28. Nd1 Kg8 29. Nc3 Kh7 30. Be3 Kg8 31. Rh1 g5 32. Rhd1 Kh7 33. Bc1 Bd7 34. Ba3 Rc6 35. Nd5 Rg6 36. Bc1 Kg7 37. Be3 Re6 38. Bb6 Re8 39. c5 dxc5 40. Nc7 Rxc7 41. Bxc7 Bc6 42. Rd8 Re6 43. Bd6 Bxd6 44. R1xd6 Re7 45. Rc8 f6 46. Ke3 c4 47. bxc4 Rf7 48. c5 Re7 49. Rdxc6 bxc6 50. Rxc6 Rb7 51. Rb6 Rd7 52. Rxa6 Rd1 53. Ra7+ Kg6 1-0

[Event "Cutro op 25th"]
[Site "Cutro"]
[Date "2019.09.13"]
[Round "7"]
[White "Vuelban, Virgilio"]
[Black "Maiorov, Nikita"]
[Result "0-1"]
[WhiteElo "2279"]
[BlackElo "2509"]
[PlyCount "46"]
[EventDate "2019.09.09"]
[EventType "swiss"]
[EventRounds "9"]
[EventCountry "ITA"]
[SourceTitle "EXT 2020"]
[Source "ChessBase"]
[SourceDate "2019.10.17"]
[SourceVersion "1"]
[SourceVersionDate "2019.10.17"]
[SourceQuality "1"]

1. e4 e5 2. Nf3 Nc6 3. d4 exd4 4. Nxd4 Bc5 5. Nb3 Bb6 6. Nc3 d6 7. Qe2 a5 8. Be3 a4 9. Bxb6 axb3 10. Be3 bxa2 11. Rxa2 Rxa2 12. Nxa2 Nge7 13. Nc3 0-0 14. Qd2 f5 15. Bc4+ Kh8 16. exf5 Nxf5 17. 0-0 Nxe3 18. Qxe3 Re8 19. Qd2 Ne5 20. Be2 c6 21. Rd1 d5 22. Qd4 Bf5 23. Rd2 Nf3+ 0-1